Поиски и разведка месторождений полезных ископаемых: учебник

Bibliografiske detaljer
Hovedforfatter: Крейтер В. М. Владимир Михайлович
Sprog:russisk
Udgivet: Москва, Недра, 1960-
Udgivelse:2-е изд., испр. и доп.
Format: MixedMaterials Bog
KOHA link:https://koha.lib.tpu.ru/cgi-bin/koha/opac-detail.pl?biblionumber=66896

MARC

LEADER 00000nam1a2200000 4500
001 66896
005 20231031073054.0
035 |a (RuTPU)RU\TPU\book\71215 
035 |a RU\TPU\book\49405 
090 |a 66896 
100 |a 20040909d1960 m y0rusy50 ca 
101 0 |a rus 
102 |a RU 
200 1 |a Поиски и разведка месторождений полезных ископаемых  |e учебник  |f В. М. Крейтер 
205 |a 2-е изд., испр. и доп. 
210 |a Москва  |c Недра  |d 1960- 
700 1 |a Крейтер  |b В. М.  |g Владимир Михайлович 
801 1 |a RU  |b 63413507  |c 20030205  |g PSBO 
801 2 |a RU  |b 63413507  |c 20060512  |g PSBO 
942 |c BK